=LDR 00000nam 2200000 4500 =001 INLIS000000000810107 =005 20251018110111 =035 ##$$a 0010-1025000090 =007 ta =008 251018###########################0###### =082 ##$$a 297.63 =084 ##$$a 297.63 ALW s =245 ##$$a Syamail Rasul : $b Meneladani Akhlak dan Kepribadian Nabi Muhammad =260 ##$$a Jakarta :$b Quanta (Elex Media Komputindo) =300 ##$; $c x, 250 hlm. ; 21 cm =990 ##$$a 00000002523